Regiones del mundo (parte 3) - Estadísticas

Estadísticas generales
  • Esta prueba ha sido intentada 59 veces
  • La puntuación promedio es 10 de 32
Estadísticas de respuestas
Imagen Respuesta % Correcto
OTAN
93%
Arabia / Península arábiga
81%
Gran Colombia
74%
Hispanoamérica
74%
Costa Oeste / West Coast
59%
Indochina
52%
Kurdistán / Curdistán
50%
Kamchatka
48%
Golfo de Guinea
44%
Mancomunidad / Commonwealth
44%
Espacio Schengen
41%
Tirol
41%
Golfo de Finlandia
31%
Francofonia
28%
Macaronesia
28%
Silesia
26%
Levante / País de Sham
24%
Riviera Maya
20%
Cuenca del Congo
19%
Punjab
17%
Navajo
13%
Xinjiang / Sinkiang
13%
Outback
11%
Tierras Medias / Midlands
11%
Mezzogiorno / Italia Meridional
9%
Región Pampeana
9%
Keihanshin / Kyoto-Osaka-Kobe
6%
Praderas Canadienses
6%
Randstad
4%
Sierra del Mar / Serra do Mar
4%
Sertón / Sertao
2%
Kasai
0%
No se encontraron pruebas coincidentes
Distribución de puntuación
Porcentaje de gente con cada puntuación
Porcentaje por número respondido
Historial de tus puntuaciones
No has intentado esta prueba.